[Event "Linares"]
[Site "Linares ESP"]
[Date "2005.03.03"]
[Round "8.3"]
[White "Vallejo Pons, Francisco"]
[Black "Kasimdzhanov, Rustam"]
[Result "1-0"]
[WhiteElo "2686"]
[BlackElo "2678"]
[Annotator "Vera, R"]
[PlyCount "119"]
[EventDate "2005.02.23"]
[Source "EDAMI"]
[SourceDate "2006.12.20"]

1. Nf3 {Para Linares, Paco preparó esta salida como su  arma principal. Es
difícil criticarlo, cuando contra su predilecta 1.e4, hay tantas y tan
variadas  defensas  donde la teoría no da ninguna ventaja al blanco. Por
ejemplo: la Petrov y la Pelikan se jugaron en  10 partidas en este torneo y
las blancas no ganaron ni una sola de ellas. En el último supertorneo de Corus,
que finalizó poco antes de Linares, el balance de las blancas fue aun peor
contra estas defensas,  (-1) en 15 partidas.} d5 2. d4 e6 3. c4 Nf6 4. Nc3 Be7
{El gambito de Dama, era una de las alternativas que podía emplear el actual
campeón mundial de la FIDE. Los aficionados no se imaginan el inmenso trabajo
que despliegan los extra-clases antes de una partida. Deben revisan todas las
defensas posibles de sus adversarios y preparan  al menos una idea nueva que
les permita jugar una partida interesante. Si conducen las blancas luchan por
la ventaja y con las negras tratan de alcanzar la igualdad o una posición
confusa de difícil evaluación.} 5. Bg5 h6 6. Bxf6 Bxf6 7. Qc2 {
Otras continuaciones de importancias son:} (7. e3) (7. Qb3) (7. e4) 7... O-O {
En la ronda 13, Topalov obtuvo una cómoda igualdad contra Paco jugando} (7...
dxc4 $1 8. e3 c5 9. dxc5 Qa5 10. Bxc4 Qxc5 11. Ne4 Qa5+ 12. Ke2 Be7 13. Qc3
Qxc3 14. Nxc3 a6 15. Rhd1 Nd7 16. Ne4 ({Mejor era} 16. Rac1 $1) 16... b5 17.
Bb3 Bb7 18. Nd6+ Bxd6 19. Rxd6 Ke7) 8. O-O-O $1 c5 9. dxc5 d4 10. Nxd4 $1 {
Mejor que} (10. e3 $6 {que permite el típico sacrifico de calidad} dxc3 $1 11.
Rxd8 cxb2+ 12. Kb1 Rxd8 {y la presencia del peón protegido en b2 da al negro
más que suficiente compensación por el pequeño desequilibrio material.} {
Luego de} 13. Nd2 g6 14. Ne4 Bg7 15. Nc3 Na6 16. Qxb2 Nxc5 17. Qc2 b5 $1 18.
Be2 bxc4 19. Bxc4 Rb8+ 20. Kc1 Ba6 {las blancas abandonaron, pues no pueden
evitar pérdidas materiales. Malaniuk,V-Barsov,A Tashkent 1987.}) 10... Bxd4 11.
Qe4 $1 {Diagrama # Entre los jugadores de la élite, se considera que una de
las maneras en que la suerte influye en el resultado general de un torneo, es
cuando sus oponentes  caen en las líneas preparadas con antelación. La jugada
11.Qe4! es una de las tantas novedades que Paco ha encontrado en su continuo
esfuerzo por revitalizar viejas líneas.Esta fue  la única partida donde ese
inmenso trabajo previo dio los frutos esperados al  jugador menorquín ubicado
en el número 18 del mundo. En la partida Goldin,A-Pigusov Elista 1996, las
blancas no sacaron nada después de} (11. e3 $6 Bxe3+ $1 12. fxe3 {pues las negr
as,  con Qg5 o Qa5 seguido de Na6 o Nd7, restablecen el equilibrio material y
dejan a las blancas con la estructura estropeada en el flanco de rey.}) 11...
Nc6 {Ahora el sacrificio de Dama no es tan efectivo como en la partida
Malaniuk -Barsov mencionada anteriormente. Las blancas mantienen la ventaja
jugando con energía} (11... Bxc3 12. Rxd8 Rxd8 (12... Bxb2+ 13. Kxb2 Rxd8 14.
g4 Na6 15. Qe3 Bd7 16. g5 $1 {abriendo  líneas contra el monarca rival antes
que el contrajuego negro en el flanco de dama se desarrolle.} hxg5 17. Rg1) 13.
bxc3 Na6 14. c6 bxc6 15. g4 $1 Rb8 16. g5 {con ataque.}) 12. e3 f5 {Ahora la ca
ptura en e3 lleva a una posición perdida, pues las blancas conservarían el
peón de más y mantendrían intacta su estructura de peones.} (12... Bxe3+ $6 13.
Qxe3) 13. Qf3 Qg5 14. h4 $1 Bxe3+ 15. Qxe3 Qxe3+ 16. fxe3 {La apertura ha
concluido y las blancas tienen un peón de más, pero para convertir esta
ventaja en victoria deben trabajar bastante, pues las negras tienen cierta
compensación por su fuerte caballo en e5 y la mayoría de peones en el flanco
de rey.} Ne5 17. Be2 Bd7 {Hay que poner las piezas en juego. El intento  de
frenar la futura expansión blanca con 17...a5?, sería respondido con 18.Na4! y
el caballo blanco se alojaría en b6 con efectos paralizantes.} 18. Rd6 Kf7 19.
Bf3 {Tal vez fuera más directa} (19. Rhd1 $5 Bc6 (19... Ke7 $2 20. Nd5+ $1 exd5
21. R1xd5 {y las blancas ganan otro peón.}) 20. Nb5 Bxg2 21. Nc7 Rac8 22. Nxe6
Rg8 (22... Rfe8 23. Nxg7 Kxg7 24. Rg1 Rxc5 25. Rxg2+) 23. Nd8+ $1 Kf8 24. Re6
Nf7 25. Bh5 $1 {con ventaja decisiva.}) 19... Rac8 20. Rhd1 Rc7 21. b4 Ke7 {
El GM uzbeco encuentra la manera de oponer la mayor resistencia. Sus piezas se
apoyan unas a otras impidiendo la penetración por la columna d y al mismo
tiempo intentan frenar el avance de los peones blancos.} 22. Nb5 {De esta maner
a Paco garantiza que su mayoría de peones de un paso más hacia su objetivo.}
Bxb5 23. cxb5 b6 $1 {Obligando a avanzar los peones de modo  que queden
bloqueados en casillas negras y entorpezcan la acción de su propio alfil.} 24.
c6 g5 {Movilizando su propia mayoría.} 25. R6d4 Kf6 26. a4 $1 {Diagrama # Este
es el único camino para romper el bloqueo de las negras. A su debido tiempo
las blancas jugarán a5 y tomarán en b6, penetrando luego por la columna a.} Ng6
{Si} (26... g4 $6 27. Be2 {y las negras se quedan sin contrajuego.}) 27. hxg5+
hxg5 28. Rd7 Rfc8 29. R1d6 g4 30. Bd1 Nf8 {No valía} (30... Ne5 $2 31. Rxc7
Rxc7 32. Bb3 Re7 33. Bxe6 $1 Rxe6 34. c7 Rxd6 35. c8=Q {
y la Q se impone fácilmente a la R y N.}) 31. Rxc7 Rxc7 32. Bb3 {Con poco tiemp
o en el reloj, Paco trata de llegar a la jugada 40  conservando la ventaja si
correr riesgos. La ruptura 32.e4! parece muy fuerte, pues luego de} (32. e4 $1
Ke7 (32... fxe4 33. Bxg4 {es aun peor}) (32... Rc8 33. exf5 Ke5 34. Rd3 exf5
35. Re3+ Kf6 (35... Kf4 36. Re7) 36. Bb3 f4 37. Re4 Kf5 38. Re7 {
con clara ventaja.}) 33. Rd2 Ng6 34. exf5 exf5 35. Rd5 {y pronto cae un peón
pues el negro no puede  defender las amenazas sobre f5 y la penetración blanca
por d7.}) 32... Ke7 33. Rd1 Nh7 34. Rh1 Nf6 35. Rh6 Rc8 ({Mejor es} 35... Kf7
$1) 36. Kc2 {Paco vio la maniobra} (36. Rg6 $5 Kf7 37. Rg5 $1 {que amenaza 28.
Rxg5, pero en el apuro de tiempo, temió que se le escapara algo y que la torre
quedara atrapada en el flanco de Rey, sin embrago esto habría sido decisivo.})
36... Kf7 37. Bc4 Rd8 38. Rh1 Ke7 39. a5 $1 {Regresando al plan ganador.} Rb8
40. Kb3 Rd8 41. axb6 axb6 42. Ra1 {La torre penetra decisivamente por la
columna a y cae sobre la nueva debilidad negra de b6.} Ne4 43. Ra7+ Kf6 44. Rd7
$1 {Limitando el contrajuego por la columna d.} Rh8 ({No es posible} 44... Rxd7
45. cxd7 Ke7 46. Bxe6 Nd6 47. Kc3 Nxb5+ 48. Kc4 Nd6+ 49. Kd5 {ganando.}) 45.
Bd3 Nf2 46. Bc2 {Paco se percató posteriormente, que hubiera sido más fuerte} (
46. Be2 $1 {
y las negras no dispondrían del contrajuego de la partida con g3 y Ng4.}) 46...
g3 $1 47. Rb7 Ng4 {Kasimdzhanov se ha defendido tenazmente y logra ahora su
primera amenaza en la partida.} 48. Rxb6 Rc8 (48... Nxe3 49. c7 (49. Ra6 $1 Rc8
50. b6 {traspone a la partida}) 49... Rc8 50. Rc6 Nd5 51. Bd3 $1 ({también gana
} 51. b6 Nxb6 52. Rxb6 Rxc7 53. Bd3) 51... Ke7 52. b6 Nxb6 53. Rxb6 Rxc7 54.
Bc4 Kf6 {y caen los peones, última posibilidad oponer resistencia.}) 49. Ra6
Nxe3 50. b6 Nxc2 51. b7 $1 Rxc6 {Si} (51... Nd4+ 52. Kc4 Rxc6+ 53. Kxd4 Rxa6
54. b8=Q) 52. b5 $1 {Diagrama # Máxima precisión y belleza. Mejor que} (52.
Rxc6 $4 Nd4+ 53. Kc4 Nxc6 {y son las negras las que ganan.}) (52. b8=Q Rxa6 (
52... Nd4+ 53. Kb2 Rxa6 54. Qh8+ Ke7 55. Qxd4 $18) 53. Kxc2 Ra2+ 54. Kd3 Rxg2 {
y aunque las blancas deben imponerse sin mucha dificultad,  el peón pasado en
g2  permite al negro continuar la partida.}) 52... Rc5 53. Rb6 {
Evitando la última trampa que se produciría después de} (53. b8=Q Rxb5+ $1 54.
Qxb5 Nd4+ 55. Kc4 Nxb5 56. Kxb5 f4 {
aunque también en este caso las blancas se impondrían después de} 57. Kc4 Kf5
58. Kd3 f3 59. gxf3 g2 60. Ra1 Kf4 61. Ke2 Kg3 62. Rd1 e5 63. Rg1 Kh2 64. Kf2)
53... Nd4+ 54. Kb4 Rxb5+ 55. Rxb5 Nc6+ 56. Kc3 {El final de la partida fue
previsto por Paco desde este momento, las blancas también ganaban con Kc5 y
Kd6.} f4 57. Rc5 f3 ({Si} 57... Nb8 58. Rc8 f3 59. Rxb8 fxg2 60. Rf8+ Kg7 61.
Rg8+ Kxg8 62. b8=Q+ Kf7 63. Qxg3 {y ganan.}) 58. Rxc6 fxg2 59. b8=Q g1=Q 60.
Qf4+ {Y el campeón mundial de la FIDE abandonó,  pues recibe mate en cuatro
jugadas. Esta partida demuestra cuan difícil es ganar cuando se juega a este
nivel. Aun después de alcanzar un sano peón de ventaja en la jugada 15, las
blancas tuvieron que trabajar con dureza y sortear muchas trampas para
finalmente imponerse en 60 jugadas.} 1-0

[Event "Linares"]
[Site "Linares ESP"]
[Date "2005.03.04"]
[Round "9"]
[White "Kasimdzhanov, Rustam"]
[Black "Kasparov, Garry"]
[Result "0-1"]
[WhiteElo "2678"]
[BlackElo "2804"]
[Annotator "Martin, A"]
[PlyCount "72"]
[EventDate "2005.02.23"]
[Source "EDAMI"]
[SourceDate "2006.12.20"]

1. d4 d5 2. c4 c6 {Aunque en su juventud la defensa India de Rey fue el
principal arma de Kasparov, prácticamente la ha abandonado en la actualidad,
llegando a afirmar que no puede jugarse al más alto nivel. Ahora el Gambito de
Dama Aceptado y la Defensa Eslava son sus principales armas contra 1.d4.} 3.
Nc3 Nf6 4. e3 (4. Nf3 e6 5. Bg5 {
es una alternativa que lleva a luchas muy agudas.}) 4... e6 5. Nf3 Nbd7 6. Bd3
dxc4 {Iniciando el Sistema Merano, una de las lineas más actuales dentro de
esta defensa.} 7. Bxc4 b5 8. Bd3 Bb7 9. O-O a6 10. e4 c5 11. d5 {
El ataque Reynolds, que ha desplazado completamente a la alternativa} (11. e5
cxd4 12. Nxb5 {que durante mucho tiempo fue la conmtinuación principal.}) 11...
Qc7 (11... c4 {
es más usual, pero finalmente todo se reduce a una trasposición de jugadas.})
12. dxe6 fxe6 13. Bc2 c4 14. Nd4 Nc5 15. Be3 e5 ({Todo esto es bien conocido,
aunque Anand en una partida rápida frente a Radjabov, en Dubai 2002, intercaló
las jugadas} 15... Rd8 16. Qe2 {y sólo entonces jugó} e5) 16. Nf3 ({Una idea de
Gelfand, utilizada por primera vez frente a Bareev en Novgorod 1977.} 16. Nf5 {
es la principal alternativa.}) 16... Be7 ({
Bareev, en la mencionada partida, aceptó el peón con} 16... Ncxe4 17. Nxe4 Nxe4
18. Re1 Bd6 {pero tras} 19. Bxe4 Bxe4 20. Ng5 Bd3 21. Qf3 {
las blancas consiguieron muy buena compensación.}) 17. Ng5 O-O $5 ({Una interes
ante novedad, aunque comporta el sacrificio de la calidad, pero que
indudablemente fue preparada por Kasparov en su preparación casera. Hasta
ahora se había jugado} 17... Qc6 {lo que permitía seguir con} 18. Nd5 {
por ejemplo, una partida   Soucha,S - Priesol,D, jugada por correspondencia en
1999 siguió} Nxd5 19. exd5 Qxd5 20. Qh5+ Kf8 21. f3 Nd3 22. Rad1 {
y las negras pronto quedaron en problemas.}) 18. Bxc5 Bxc5 19. Ne6 Qb6 20. Nxf8
Rxf8 {Los dos alfiles, la presión sobre f2 y la mayoría de peones en el flanco
de dama son buenos argumentos para compensar la calidad, aunque un análisis
más serio es necesario} 21. Nd5 $6 (21. Qe2 {es también digna de considerarse,
porque ahora el juego adquiere un carácter bastante forzado y las negras
quedan con ventaja.}) 21... Bxd5 22. exd5 Bxf2+ 23. Kh1 (23. Rxf2 $2 {
pierde por} Ng4) 23... e4 24. Qe2 e3 {está claro que las torres blancas no van
a tener fácil el entrar en juego, lo que da poco valor a la ventaja de la
calidad. Mientras las negras pueden plantear diversas amenazas, como pronto
veremos.} 25. Rfd1 ({La idea es activa la otra torre con a4. La alternativa} 
25. Rad1 {sería respondida de modo similar a la partida.}) 25... Qd6 {
La dama está excelentemente colocada aquí. No solo frena el peón pasado, sino
que plantea amenazas contra h2 que pueden ser incrementadas con ...Re8-e5-h5 o
un eventual ...Ng4, además del tema que se dio en la partida con ...Nh5-g3.}
26. a4 ({Es inútil} 26. Bf5 {pues si el alfil se coloca en e6, se deja la
casilla e4 para el salto del caballo. Puede que las blancas no tengan defensa
satisfactoria ya.}) 26... g6 27. axb5 axb5 28. g3 Nh5 29. Qg4 Bxg3 $1 ({
Un brillante remate. Es cierto que también ganaba la prosaica} 29... Qe5 {
pero entonces las blancas podrían aguantar más tiempo con el cambio de damas}
30. Qe6+ Qxe6 31. dxe6 e2 32. Rdb1 {
mientras que ahora las negras consiguen un ataque muy fuerte.}) 30. hxg3 Nxg3+
31. Kg2 (31. Kg1 {es apenas mejor, ya que tras} e2 {
la amenaza ...Qb6+ es mortal.}) 31... Rf2+ 32. Kh3 Nf5 33. Rh1 h5 ({
En este punto hay varias continuaciones que ganan, incluyendo la simple} 33...
Rxc2 34. Ra8+ Kf7 {pero Kasparov elige la más incisiva}) 34. Qxg6+ Qxg6 35.
Rhg1 Qxg1 ({
Aun hay tiempo de estropear la partida por querer jugar de modo "elegante":} 
35... Rf3+ 36. Kh2 Rg3 (36... Kh7) 37. Bxf5 Rxg1 $4 38. Rxg1) 36. Rxg1+ Kf7 0-1

[Event "Linares"]
[Site "Linares ESP"]
[Date "2005.03.06"]
[Round "11"]
[White "Kasimdzhanov, Rustam"]
[Black "Anand, Viswanathan"]
[Result "0-1"]
[WhiteElo "2678"]
[BlackElo "2786"]
[Annotator "Ubilava, E"]
[PlyCount "76"]
[EventDate "2005.02.23"]
[Source "EDAMI"]
[SourceDate "2006.12.20"]

{El repertorio de R.Kasimdzhanov no es ni moderno ni muy ofensivo, por eso las
negras no tienen ningún problema a la hora de, no sólo igualar la partida,
sino obligar a su contrincante a buscar la igualdad. Después del cambio en el
centro, Anand encuentra un recurso (18... f5) que dificulta mucho la tarea de
las blancas. De repente, el campeón de la FIDE se encuentra en una posicién
estratégicamente desesperada y el gran maestro indio no suelta a su víctima
hasta el final.} 1. e4 c5 2. Nf3 d6 3. c3 {Esta continuación es habitual en el
repertorio del jugador uzbeco y le proporcionó una bonita victoria hace poco
contra Sutovsky.} Nf6 4. Be2 Bg4 5. d3 e6 6. Nbd2 Nc6 7. Nf1 d5 $1 8. exd5 {
Si el esquema de las blancas les obliga a hacer este cambio en el centro, no
cabe duda de que no pueden obtener ninguna ventaja en esta apertura.} Nxd5 {
También es perfectamente viable} (8... exd5 9. Ne3 Be6) 9. Qa4 {Rustam jugó
bastante rápido este movimiento, pero como demuestra la partida, no tenía bien
claras las consecuencias que podía traer esa salida de dama.} Bh5 10. Ng3 ({
Parece interesante la jugada} 10. Ne5 {
pero la réplica de las negras es contundente} Bxe2 11. Nxc6 Qd7 $1 12. Kxe2 Ne7
{y el rey blanco se queda en el centro de tablero.}) 10... Nb6 11. Qd1 $6 ({
Está claro que} 11. Qb5 $1 {es la manera de justificar la anterior salida de
dama, pero las blancas no se atreven a hacer esa jugada.}) 11... Bg6 12. O-O
Be7 13. a4 {Una jugada natural que proporciona a las piezas blancas un poco
más de aire fresco en el flanco de dama.} O-O 14. a5 Nd5 15. Qa4 Qc7 16. d4 {
Da la impresión que Kasimdzahanov solamente pretende igualar la partida y
conseguir las tablas, pero las negras no están dispuestas a terminar la
partida tan pronto.} cxd4 17. Nxd4 Nxd4 18. Qxd4 {Diagrama.} f5 $1 {Anand encue
ntra un excelente recurso para poner fuera de juego las piezas menores de su
adversario. El caballo en g3 queda sin espacio y además, cuando el peón llegue
a f4, otra pieza, el alfil en c1, quedará sin espacio. Si añadimos a eso, que
las blancas deben evacuar su dama del el centro, podemos concluir que las
negras han tomado la iniciativa.} 19. Qa4 Rad8 20. Rd1 f4 $1 21. Ne4 $2 {
Es un claro error, pero después de} (21. Nf1 Qe5 22. Bf3 Bc5 23. Qc4 {
las negras tienen otro recurso táctico} Ne3 $1 {por ejemplo:} 24. fxe3 (24.
Nxe3 fxe3 25. Bxe3 Rxd1+ 26. Rxd1 Bxe3 27. fxe3 (27. Re1 Rxf3 $1 28. gxf3 Qg5+
29. Kf1 Bc5 {con ventaja decisiva}) 27... Qxe3+ 28. Kh1 Rxf3 {ganando}) 24...
fxe3 25. Rxd8 e2+ 26. Rd4 Rxf3 $1 {otra vez este sacrificio es determinante}
27. gxf3 e1=Q 28. Bf4 Q1e2 29. Bxe5 Qxc4) 21... Qe5 22. Bf3 ({La respuesta} 22.
f3 {también parece pobre} Bc5+ 23. Kh1 Be3 24. Bxe3 fxe3 {
y las negras mantienen su ventaja.}) 22... b5 $1 23. Qc2 {diagrama.} Nf6 $1 {
Después de la partida Anand mostró la variante} (23... Nb4 24. Qe2 $1 (24. cxb4
Bxe4) 24... Rxd1+ 25. Qxd1 Rd8 26. Qe2 Bxe4 27. h3 $3 {
y las blancas están bien.}) 24. Nxf6+ Qxf6 25. Qb3 Rxd1+ 26. Qxd1 Rd8 27. Qe2
Bd3 28. Qe1 e5 29. Be2 ({La continuación} 29. Bd2 e4 30. Bg4 Qg6 31. Bh3 Bg5 {
mantiene a las blancas bajo un "abrazo mortal"}) 29... Bxe2 ({No es buena} 
29... Qg6 $2 {por} 30. Bxf4 $1) 30. Qxe2 e4 31. g3 {El gran maes tro uzbeco se
encuentra en una posición perdida porque no puede terminar el desarrollo. Si} (
31. Bd2 {gana} f3 32. Qe3 Qg6 33. g3 Qf5 34. Kh1 Qh3 35. Rg1 Rd5 {
y contra la amenaza 36...Qxh2+ seguido de  37...Rh5 mate, no salva} 36. Qf4 {
por} Bd6) 31... e3 $1 {
Una ruptura típica que acaba con la resistencia de las blancas.} 32. fxe3 f3
33. Qxb5 f2+ 34. Kg2 Rf8 35. Qd5+ Kh8 36. Kf1 Qh6 $1 (36... Rd8 37. Qh5 {
todavía aguanta.}) 37. Bd2 ({Tampoco era un remedio útil} 37. h4 {por} Qa6+ 38.
c4 Qc8 39. Bd2 Rd8) 37... Qh3+ 38. Qg2 Qf5 0-1